00692nam a2200193 a 450000100100000000500170001000800410002704000250006808200170009310000290011024500670013926000410020630000280024750000430027570000330031804900090035195201210036099900170048100002445020200930023200.0110127s1966 nyu r 000 0 eng d aDO-SdBNPbspacBNPHU axxxxxbS779t1 aStafford, William95012414aThe voice of prose /cWilliam Stafford , Frederick Candelaria. aNew York :bMcGraw-Hill Book,c1966. axiv, 515 p. ;c23.5 cm. aIncluye notas al pie de las páginas.1 aCandelaria, Frederick950125 aBNGR 001054708MOaGRbGRcCTd2011-01-27iLF1l0oxxxxx S779tp24450-10r2020-06-25w2020-06-25y4ZPréstamo en sala c23943d23943